History of International Collaboration on the Exploration and Development of the Arctic: Chap. 1; Handbook of Research on International Collaboration, Economic Development, and Sustainability in the Arctic

書誌詳細
Parent link:Handbook of Research on International Collaboration, Economic Development, and Sustainability in the Arctic.— 2019.— [P. 1-23]
団体著者: Национальный исследовательский Томский политехнический университет Инженерная школа природных ресурсов Отделение геологии
その他の著者: Pasko O. A. Olga Anatolievna, Staurskaya N. Natalia, Gryaznov A. Alexander, Zakharchenko A. Alexander
要約:Title screen
The chapter discusses the key lines of international collaboration in the fields of exploration and development of the Arctic, from the first autonomous expeditions of the late 19th century to the powerful long-standing joint research conducted by thousands of scholars from all over the world. The chapter outlines the key trends of international cooperation within the framework of the exploration of the Arctic, as well as forecasts its development in the future. It is expected that the long-standing comprehensive studies of the Arctic will be continued due to the specific importance of this region for the future of the mankind. Robotic marine expeditions will start a new era in the exploration of the Arctic Ocean. Taking into account the complexity and high costs of polar studies and the growing interest of many countries to the High North, the international collaboration in the Arctic is expected to grow.
Режим доступа: по договору с организацией-держателем ресурса
言語:英語
出版事項: 2019
主題:
オンライン・アクセス:https://doi.org/10.4018/978-1-5225-6954-1.ch001
フォーマット: MixedMaterials 電子媒体 図書の章
KOHA link:https://koha.lib.tpu.ru/cgi-bin/koha/opac-detail.pl?biblionumber=659514

MARC

LEADER 00000naa0a2200000 4500
001 659514
005 20250827103305.0
035 |a (RuTPU)RU\TPU\network\28112 
035 |a RU\TPU\network\26724 
090 |a 659514 
100 |a 20190225d2019 k||y0engy50 ba 
101 0 |a eng 
102 |a US 
135 |a drcn ---uucaa 
181 0 |a i  
182 0 |a b 
200 1 |a History of International Collaboration on the Exploration and Development of the Arctic  |e Chap. 1  |f O. A. Pasko, N. Staurskaya, A. Gryaznov , A. Zakharchenko 
203 |a Text  |c electronic 
300 |a Title screen 
330 |a The chapter discusses the key lines of international collaboration in the fields of exploration and development of the Arctic, from the first autonomous expeditions of the late 19th century to the powerful long-standing joint research conducted by thousands of scholars from all over the world. The chapter outlines the key trends of international cooperation within the framework of the exploration of the Arctic, as well as forecasts its development in the future. It is expected that the long-standing comprehensive studies of the Arctic will be continued due to the specific importance of this region for the future of the mankind. Robotic marine expeditions will start a new era in the exploration of the Arctic Ocean. Taking into account the complexity and high costs of polar studies and the growing interest of many countries to the High North, the international collaboration in the Arctic is expected to grow. 
333 |a Режим доступа: по договору с организацией-держателем ресурса 
463 |t Handbook of Research on International Collaboration, Economic Development, and Sustainability in the Arctic  |f edit. V. Erokhin ; G. Tianming ; Zh. Xiuhua  |v [P. 1-23]  |d 2019 
610 1 |a электронный ресурс 
610 1 |a труды учёных ТПУ 
610 1 |a освоение 
610 1 |a Арктика 
610 1 |a полярные исследования 
610 1 |a Крайний Север 
610 1 |a международное сотрудничество 
701 1 |a Pasko  |b O. A.  |c biologist  |c Professor of Tomsk Polytechnic University, doctor of agricultural Sciences  |f 1957-  |g Olga Anatolievna  |3 (RuTPU)RU\TPU\pers\31041 
701 1 |a Staurskaya  |b N.  |g Natalia 
701 1 |a Gryaznov  |b A.  |g Alexander 
701 1 |a Zakharchenko  |b A.  |g Alexander 
712 0 2 |a Национальный исследовательский Томский политехнический университет  |b Инженерная школа природных ресурсов  |b Отделение геологии  |3 (RuTPU)RU\TPU\col\23542 
801 2 |a RU  |b 63413507  |c 20210324  |g RCR 
856 4 |u https://doi.org/10.4018/978-1-5225-6954-1.ch001 
942 |c CF